00494nam a2200157Ia 450000500170000000800410001704100080005808200170006610000300008324500210011326000370013430000090017165000220018099900190020295201150022120250729165756.0250729s2017 xx 000 0 und d akan a373.011 NARM aNarasingappa H. N9232721 aMoulya Shikshana aMysorebVismaya Prakashanac2017 a212p aEducation9232722 c239924d239924 00104070aALbALd2025-07-29g200.00l0o373.011 NARMpBED05243r2025-07-29 16:57:56v200.00w2025-07-29yBK